Biggest Cities in Uruguay - Statistics

General Stats
  • This quiz has been taken 3 times
  • The average score is 4 of 10
Answer Stats
Population City % Correct
1,270,737 Montevideo
100%
73,249 Paysandú
67%
64,631 Rivera
67%
99,823 Salto
67%
41,909 Artigas
33%
55,478 Maldonado
33%
51,854 Tacuarembó
33%
69,682 Las Piedras
0%
51,023 Melo
0%
42,359 Mercedes
0%
No matching quizzes found
Score Distribution
Percent of People with Each Score
Percentile by Number Answered
Your Score History
You have not taken this quiz